[Event "Niederbayernliga 1011"]
[Site "Germany"]
[Date "2010.10.10"]
[Round "1.6"]
[White "Riemelmoser, Markus"]
[Black "Ammerl, Christian"]
[Result "1/2-1/2"]
[WhiteElo "1652"]
[BlackElo "1677"]
[PlyCount "49"]
[EventDate "2010.10.10"]
[EventType "team-tourn"]
[EventRounds "9"]
[EventCountry "GER"]
[SourceTitle "EXT 2012"]
[Source "ChessBase"]
[SourceDate "2011.11.24"]
[SourceVersion "1"]
[SourceVersionDate "2011.11.24"]
[SourceQuality "1"]
[WhiteTeam "Simbach"]
[BlackTeam "Roehrnbach"]
[WhiteTeamCountry "GER"]
[BlackTeamCountry "GER"]

1. c4 Nf6 2. Nf3 g6 3. g3 Bg7 4. Bg2 d6 5. d3 0-0 6. Bd2 a6 7. Qc1 Nc6 8. Bh6 e5 9. Bxg7 Kxg7 10. 0-0 Nh5 11. e4 f5 12. exf5 Bxf5 13. Ne1 Nd4 14. Qd2 Rb8 15. Na3 Qd7 16. Nac2 Nc6 17. Nb4 Nd4 18. Nbc2 Nc6 19. Nb4 Bh3 20. Nxc6 bxc6 21. b3 Bxg2 22. Kxg2 d5 23. Rd1 Nf6 24. f4 Rbe8 25. fxe5 1/2-1/2

[Event "Deggendorf op"]
[Site "Deggendorf"]
[Date "2006.06.16"]
[Round "3"]
[White "Schreiber, Edwin"]
[Black "Ammerl, Christian"]
[Result "1-0"]
[WhiteElo "1591"]
[BlackElo "1144"]
[PlyCount "73"]
[EventDate "2006.06.15"]
[EventType "swiss"]
[EventRounds "7"]
[EventCountry "GER"]
[SourceTitle "EXT 2008"]
[Source "ChessBase"]
[SourceDate "2007.11.25"]
[SourceVersion "1"]
[SourceVersionDate "2007.11.25"]
[SourceQuality "1"]

1. e4 c5 2. Nf3 Nf6 3. Nc3 d6 4. Bc4 e6 5. 0-0 Nc6 6. d3 g6 7. Bb5 Bd7 8. Bg5 Bg7 9. Bxc6 Bxc6 10. e5 dxe5 11. Nxe5 Qc7 12. Bf4 Qc8 13. Nc4 0-0 14. Qd2 Re8 15. Bh6 Qc7 16. Bf4 Qd8 17. Bg5 Qe7 18. Rfe1 Rad8 19. Ne5 Bd5 20. a3 a6 21. Rab1 Qc7 22. b4 c4 23. Qf4 Nh5 24. Bxd8 Rxd8 25. Qe3 cxd3 26. Nxd5 Rxd5 27. Nxd3 Qxc2 28. Rbd1 Bc3 29. Rf1 Nf6 30. Qf3 Rf5 31. Qxb7 Bd4 32. Qa8+ Kg7 33. Qd8 Be3 34. fxe3 Rxf1+ 35. Rxf1 Nd5 36. Nf2 Nxe3 37. Qd4+ 1-0

[Event "Deggendorf op"]
[Site "Deggendorf"]
[Date "2006.06.15"]
[Round "2"]
[White "Treiber, Marco"]
[Black "Ammerl, Christian"]
[Result "1-0"]
[WhiteElo "1579"]
[BlackElo "1144"]
[PlyCount "91"]
[EventDate "2006.06.15"]
[EventType "swiss"]
[EventRounds "7"]
[EventCountry "GER"]
[SourceTitle "EXT 2008"]
[Source "ChessBase"]
[SourceDate "2007.11.25"]
[SourceVersion "1"]
[SourceVersionDate "2007.11.25"]
[SourceQuality "1"]

1. d4 d5 2. c4 dxc4 3. e3 Nf6 4. Bxc4 Bf5 5. Nc3 a6 6. Nf3 e6 7. 0-0 Nc6 8. Re1 Bd6 9. e4 Bg4 10. e5 Bxf3 11. Qxf3 Nxd4 12. Qd1 Bxe5 13. Rxe5 Qd6 14. Re1 Rd8 15. Be3 b5 16. Bxd4 Qxd4 17. Qxd4 Rxd4 18. Bb3 Rd2 19. Re2 Rd6 20. Rd1 0-0 21. Red2 Rfd8 22. Rxd6 cxd6 23. a3 d5 24. Na2 Ne4 25. Nb4 Rd6 26. Rc1 g6 27. f3 Nd2 28. Ba2 d4 29. Rc6 Rd8 30. Nd3 e5 31. Nxe5 d3 32. Rc1 Nc4 33. Bxc4 bxc4 34. Nxc4 Rc8 35. b3 a5 36. a4 Rd8 37. Rd1 Rd5 38. Rd2 Kf8 39. Kf2 Ke8 40. Ke3 Rd7 41. Rxd3 Re7+ 42. Kf2 Kf8 43. Nxa5 Rc7 44. Nc4 Ke7 45. Ke3 Ke8 46. Nd6+ 1-0